| 000 | 00732nam a2200181 a 4500 | ||
|---|---|---|---|
| 001 | 1509 | ||
| 003 | CO-ViMGA | ||
| 008 | 141112s2004 ck r 000 u spa d | ||
| 040 |
_aCO-ViMGA _bspa _cCO-ViMGA |
||
| 082 | 0 | 4 | _a616.86 T694p |
| 245 | 1 | 0 |
_aToxicomanías : _baspectos toxológicos, psicológicos, suridicos, medico - legales, criminalisticos, criminológicos / _cAstolfi y otros |
| 260 |
_aBuenos Aires : _bUniversidad, _c1989 |
||
| 300 | _a238 p | ||
| 505 | _aAspectos psicológicos y sociológicos 47 - - Aspectos jurídicos y legales 69 - - Aspectos medico - legales 123 - - Aspectos criminológicos 199 - - Aspectos criminalísticos 159 | ||
| 650 | 1 | 4 |
_aAstolfi _949911 |
| 650 | 1 | 4 |
_aTOXICOMANIA _949912 |
| 942 |
_2ddc _cBK |
||
| 999 |
_c13696 _d13696 |
||